| 000 | 00656nam a2200205 a 4500 | ||
|---|---|---|---|
| 005 | 20241018063721.0 | ||
| 008 | 991125s1976 mx 000 0 spa u | ||
| 035 | _aUPN01000000978 | ||
| 049 | _aCG | ||
| 050 | 4 |
_aLB1105 _bP3.2 no.30 |
|
| 100 | 1 | _aRousselet, Jean | |
| 245 | 1 | 3 |
_aEl adolescente aprendiz / _cJean Rousselet ; tr. Concepción Sáinz Amor. |
| 260 |
_aMéxico : _bPlaneta, _c1976. |
||
| 300 | _a170 p. | ||
| 440 | 0 |
_aPaideia. _pBiblioteca práctica de pedagogía, psicología y psicopatología de la infancia ; _v30 |
|
| 650 | 4 |
_aAprendices _97598 |
|
| 650 | 4 |
_aPsicología del aprendizaje _95221 |
|
| 650 | 2 |
_aVocación _915176 |
|
| 905 | _aLibro | ||
| 999 |
_c978 _d978 |
||